000 00817cab a2200253 4500
001 ABS59394
008 090401t1998 xxu||||| |||| 00| 0 eng d
035 _a(Sirsi) u89276
041 _aeng
100 _aBaster, J.
245 _aPassing the liability parcel
260 _c1998
350 _a0
490 _aBuilding
_v263(8059) 9 October 1998, 72-73(2)
520 _aClaims that as the idea of integrated working on construction contracts gains ground, all parties stand greater risk of being drawn into litigation. Suggests that a shared approach may be the answer.
650 _aEGAN REFORMS
650 _aLIABILITY
650 _aLITIGATION
650 _aRISK ALLOCATION
650 _aRISK MANAGEMENT
690 _aBUILT ENVIRONMENT-BUILDING CONTRACT FORMS
942 _n0
948 _c23/10/1998
999 _c56458
_d56458